Teória systémov a riadenia
Salvato in:
| Autore principale: | |
|---|---|
| Natura: | Libro |
| Lingua: | slovacco |
| Pubblicazione: |
Turany
P+M
2002
|
| Edizione: | [1. vyd.] |
| Soggetti: | |
| Accesso online: | Visualizza in OPAC |
| Tags: |
Nessun Tag, puoi essere il primo ad aggiungerne!!
|
MARC
| LEADER | 00000nam a2200000 a 4500 | ||
|---|---|---|---|
| 005 | 20260127134322.0 | ||
| 008 | 161010s2002RRRRxo a gr 0000yyslo c | ||
| 020 | |a 8096874209 | ||
| 035 | |a vtls001439100 | ||
| 035 | |a SNK000394247 | ||
| 039 | 9 | |a 201610101128 |b VLOAD |c 201306070938 |d VLOAD |c 201208211243 |d mkuuk03 |c 201104151503 |d mkuuk07 |y 200910160915 |z msnk01 | |
| 040 | |a SNK |b slo |c SNK |d STUSCHK1 |e AACR2 | ||
| 044 | |a xo |c SK | ||
| 072 | 7 | |a 519 |2 konspekt | |
| 080 | |a 519.7/.8 | ||
| 080 | |a 519.71 | ||
| 080 | |a (075.8) | ||
| 080 | |a (035) | ||
| 100 | 1 | |a Prno, Ignác, |d 1934- |9 945 | |
| 245 | 1 | 0 | |a Teória systémov a riadenia |c Ignác Prno |
| 250 | |a [1. vyd.] | ||
| 260 | |a Turany |b P+M |c 2002 | ||
| 300 | |a 194 s. |b ilustr., sch. |c 24 cm | ||
| 504 | |a Bibliogr. s. 192-194 | ||
| 650 | 0 | 7 | |a teória systémov |2 SNK |
| 650 | 0 | 7 | |a teória riadenia |2 SNK |
| 650 | 0 | 7 | |a Kombinatorika. Teória grafov. Matematická štatistika. Operačný výskum. Matematické modelovanie |2 konspekt |
| 655 | 7 | |a učebnice |2 SNK | |
| 655 | 7 | |a príručky |2 SNK | |
| 655 | 7 | |a učebnice vysokých škôl |2 SNK | |
| 910 | |a SCHK95 | ||
| 910 | |a kuruk | ||
| 919 | |a 80-968742-0-9 | ||
| 958 | |a NB | ||
| 968 | |d 51 | ||
| 999 | |c 9702 |d 9702 | ||